Le premier et l’unique Quiz sur Kuzco - Statistiques

Statistiques générales
  • Ce quiz a été pris 43 fois
  • Le résultat moyen est 4 sur 10
Statistiques - réponses
Répliques Réponses % Correct
Un lama ?! _____ Il devrait être mort !
79%
Vous avez interrompu ______ Le Groove de l’empereur !
62%
Rocher pointu à la réception ? Il y’a des chances. ______ C’est parti.
55%
Il y a pas quelque chose qui brûle ? Ohhhhhh! _______ Mes gougères aux épinards !
55%
La paysan à l’auberge ?! ______ Il est parti sans payer !
41%
C’est ton anniversaire, souffle donc tes bougies, si c’était le notre ______ On soufflerai aussi !
17%
Vas-y Izma, _____ Mets les mains en l’air !
14%
Prends ça Kronk, sent la puissance _____ Oh oui, on la sent bien !
14%
Pas le dîner, le dessert… Ohhhhh ouuuiiii ! _____ Le poison
10%
Il fallait y penser ______ Avant de devenir paysan !
7%
Aucun quiz correspondant
Distribution des résultats
% des personnes avec chaque résultat
Percentile par nombre de réponses
Votre historique - résultats
Vous n’avez pas pris ce quiz